000 00645cam a2200181 i 4500
005 20250801145434.0
008 220319m20219999ug 000 0 eng
020 _a9789913994132
040 _aKABLIB
_beng
_cKABLIB
_erda
082 _223
_a967.61
_bKAN
100 1 _aKanyeihamba, George W.,
_eauthor.
_95558
245 1 0 _aIn the pearl of Africa the unexpected happens! :
_b"the learned view" Vol. I. /
_cProf. Dr. G.W. Kanyeihamba.
264 1 _aKampala, Uganda :
_bG.W. Kanyeihamba,
_c2021-
300 _axi, 264 p. ;
_c25 cm
651 0 _aUganda
_xPolitics and government.
_914595
651 0 _aUganda
_xSocial conditions.
_913109
942 _2ddc
_cBOOK
999 _c5765
_d5765